Fiscal Policy and Economic Cycles in Oil-Exporting Countries /

This paper empirically assesses the impact of oil price shocks on the underlying non-oil economic cycle in oil-exporting countries. Panel VAR analysis and the associated impulse responses indicate that in countries where the oil sector is large in relation to the economy, oil price changes affect th...

Fuld beskrivelse

Bibliografiske detaljer
Hovedforfatter: Tazhibayeva, Kamilya
Andre forfattere: Husain, Aasim, Ter-Martirosyan, Anna
Format: Tidsskrift
Sprog:English
Udgivet: Washington, D.C. : International Monetary Fund, 2008.
Serier:IMF Working Papers; Working Paper ; No. 2008/253
Online adgang:Full text available on IMF
LEADER 01640cas a2200265 a 4500
001 AALejournalIMF005444
008 230101c9999 xx r poo 0 0eng d
020 |c 5.00 USD 
020 |z 9781451871111 
022 |a 1018-5941 
040 |a BD-DhAAL  |c BD-DhAAL 
100 1 |a Tazhibayeva, Kamilya. 
245 1 0 |a Fiscal Policy and Economic Cycles in Oil-Exporting Countries /  |c Kamilya Tazhibayeva, Aasim Husain, Anna Ter-Martirosyan. 
264 1 |a Washington, D.C. :  |b International Monetary Fund,  |c 2008. 
300 |a 1 online resource (21 pages) 
490 1 |a IMF Working Papers 
500 |a <strong>Off-Campus Access:</strong> No User ID or Password Required 
500 |a <strong>On-Campus Access:</strong> No User ID or Password Required 
506 |a Electronic access restricted to authorized BRAC University faculty, staff and students 
520 3 |a This paper empirically assesses the impact of oil price shocks on the underlying non-oil economic cycle in oil-exporting countries. Panel VAR analysis and the associated impulse responses indicate that in countries where the oil sector is large in relation to the economy, oil price changes affect the economic cycle only through their impact on fiscal policy. Once fiscal policy changes are removed, oil price shocks do not have a significant independent effect on the economic cycle. 
538 |a Mode of access: Internet 
700 1 |a Husain, Aasim. 
700 1 |a Ter-Martirosyan, Anna. 
830 0 |a IMF Working Papers; Working Paper ;  |v No. 2008/253 
856 4 0 |z Full text available on IMF  |u http://elibrary.imf.org/view/journals/001/2008/253/001.2008.issue-253-en.xml  |z IMF e-Library